000 01706nam a2200313 i 4500
001 107541
003 ES-MaACL
005 20250809180109.0
007 t|
008 151020s2015 sp r ||||1| spa d
017 _aM 9684-2015
_bOficina Depósito Legal Madrid
020 _a978-84-451-3513-6
080 _a75.052(460.27)
245 0 0 _aPintura mural en la Comunidad de Madrid /
_c[autores, Félix Díaz Moreno ... et al.]
260 _a[Madrid] :
_bComunidad de Madrid, Dirección General de Patrimonio Histórico,
_c2015
300 _a614 páginas :
_bilustraciones (color), mapas ;
_c31 cm
_e
500 _aÍndices
504 _aReferencias bibliográficas
520 _aLa publicación recoge lo más representativo del rico patrimonio que constituye la pintura mural de la Comunidad de Madrid, abarcando todos los períodos históricos, y recopilando los ejemplos más destacados existentes en bienes culturales de titularidad pública y privada, tanto de carácter religioso como civil. En total, muestra más de 150 representaciones, ordenadas cronológicamente y analizadas de forma detallada
530 _aDisponible en formato digital
650 4 _aPintura mural-
_zMadrid (Comunidad Autónoma)
_9157946
700 1 _aDíaz Moreno, Félix
_eaut
_9172702
710 1 _aMadrid (Comunidad Autónoma).
_bDirección General de Patrimonio Histórico
_eedt
_9161737
852 4 _aES-MaACL
_bR.150741
_cDEPO1
_dOlim: N-6441
_hDonación Comunidad de Madrid
_jA-13441
_9111629
856 4 _uhttps://gestiona3.madrid.org/bvirtual/BVCM019198.pdf
_yVersión en línea
_z(PublicaMadrid)
942 _2udc
_cMONOGRAFIA
_n0
999 _c107541
_d107541